000 00557nam a2200181Ia 4500
999 _c11204
_d11204
003 OSt
005 20191226144501.0
008 190216s9999||||xx |||||||||||||| ||und||
020 _a9788177589306
040 _coclc
082 _a519.5
_bHOG/I
100 _aHogg, Robert V
_9776
245 0 _aIntroduction To Mathematical Statistics /
_cRobert V Hogg ; Allen Craig ; Joseph W Mckean
250 _a6th ed.
260 _bPearson Education Asia,
_c2011.
_aNew Delhi:
300 _a718p
942 _cBK
_2ddc
_h519.5
_iHOG/I
_k519.5
_mHOG/I